Rhetorical criticism and theory in practice / (Record no. 5616)
[ view plain ]
| 000 -LEADER | |
|---|---|
| fixed length control field | 00450cam a2200157 a 4500 |
| 020 ## - INTERNATIONAL STANDARD BOOK NUMBER | |
| ISBN | 0072500875 (acidfree paper) |
| 050 00 - CALL NUMBER | |
| Classification number | P301 |
| Item number | .P473 |
| 100 1# - AUTHOR | |
| Personal name | Pierce, Dann L. |
| 245 10 - TITLE | |
| Title | Rhetorical criticism and theory in practice / |
| Statement of responsibility, etc | Dann L. Pierce. |
| 260 ## - PUBLICATION INFORMATION | |
| Place of publication | Boston : |
| Name of publisher | McGraw-Hill, |
| Year of publication | c2003. |
| 300 ## - DESCRIPTION | |
| Number of Pages | xiii, 446, i-4 p. : |
| Other physical details | ill. ; |
| Dimensions | 24 cm. |
| 650 #0 - SUBJECTS | |
| Topical Term | Rhetoric. |
| 650 #0 - SUBJECTS | |
| Topical Term | Rhetorical criticism. |
| 650 #0 - SUBJECTS | |
| Topical Term | Communication. |
| 942 ## - ADDED ENTRY ELEMENTS (KOHA) | |
| Koha item type | Books |
| Withdrawn status | Lost status | Home library | Current library | Date acquired | Full call number | Accession Number | Koha item type |
|---|---|---|---|---|---|---|---|
| Methodist University Library Wenchi Faculty | Methodist University Library Wenchi Faculty | 08/07/2019 | P301 .P473 | 6263 | Books |